Ma thuật ngón thơ

Guardado en:
Detalles Bibliográficos
Autor principal: Trần Tuấn
Formato: Libro
Lenguaje:Vietnamese
Publicado: Sunshine 2008
Etiquetas: Agregar Etiqueta
Sin Etiquetas, Sea el primero en etiquetar este registro!
Thư viện lưu trữ: Mạng thư viện Đại học Đà Nẵng
LEADER 00606nam a2200277 4500
001 000025892
003 1439
005 20150325120000.0
008 150325s vm 000 vie
020 |c 30000,0000 
040 |a notts 
100 |a Trần Tuấn 
245 |a Ma thuật ngón thơ 
260 |b Sunshine  |c 2008 
300 |a 120tr. ; 
OWN |a LTT 
999 |a From the UDN01 
TYP |a Monograph 
TYP |a Printed language 
980 |a Mạng thư viện Đại học Đà Nẵng